000 00352nam a2200145Ia 4500
008 150201s2000 xx 000 0 und d
082 _a611
_bH2000D
100 _aDUTTA. A. K.
245 _aHUMAN ANATOMY (THORAX & ABDOMEN)
250 _a5TH
260 _bCURRENT .PUBLICATION
_aDELHI
_c2000
300 _a1-438
650 _aANATOMY
942 _2ddc
_cBK
999 _c2844
_d2844